Sports Quiz

Random Sports or WWE Quiz

WWE Pay-Per-View Participants 2011 Quiz Stats

 Plays Quiz not verified by Sporcle

Support Sporcle.
Go Orange.
Score 0/63 Timer 10:00
0 Plays Today
First Appearance Wrestler % Correct
Royal RumbleJohn Cena
96.1%
Royal RumbleCM Punk
94.1%
Royal RumbleKane
94.1%
WrestleMania XXVIIThe Undertaker
94.1%
WrestleMania XXVIITriple H
94.1%
Royal RumbleThe Miz
92.2%
Royal RumbleDaniel Bryan
92.2%
Royal RumbleEdge
90.2%
Royal RumbleDolph Ziggler
90.2%
Royal RumbleDolph Ziggler
90.2%
Royal RumbleWade Barrett
88.2%
Royal RumbleR-Truth
86.3%
Royal RumbleSantino Marella
86.3%
Royal RumbleRandy Orton
84.3%
Royal RumbleJustin Gabriel
84.3%
Royal RumbleJohn Morrison
84.3%
Royal RumbleKofi Kingston
84.3%
Royal RumbleBig Show
84.3%
Royal RumbleDavid Otunga
82.4%
Royal RumbleHeath Slater
82.4%
Royal RumbleSheamus
82.4%
Royal RumbleRey Mysterio
82.4%
Royal RumbleAlberto Del Rio
82.4%
Extreme RulesChristian
82.4%
Royal RumbleJack Swagger
80.4%
Royal RumbleKevin Nash
80.4%
WrestleMania XXVIICody Rhodes
80.4%
Royal RumbleThe Great Khali
78.4%
Royal RumbleTed DiBiase
76.5%
Royal RumbleMark Henry
76.5%
Royal RumbleWilliam Regal
74.5%
Royal RumbleMason Ryan
74.5%
First Appearance Wrestler % Correct
Royal RumbleBooker T
74.5%
Elimination ChamberJerry Lawler
74.5%
Royal RumbleZack Ryder
72.5%
Royal RumbleEzekiel Jackson
72.5%
Survivor SeriesThe Rock
72.5%
Royal RumbleEve Torres
70.6%
Royal RumbleVladimir Kozlov
70.6%
Royal RumbleTyson Kidd
68.6%
Over the LimitKelly Kelly
68.6%
Hell in a CellSin Cara (Negro)
68.6%
Royal RumbleLayla
66.7%
Royal RumbleDrew McIntyre
66.7%
Royal RumbleMichelle McCool
64.7%
Royal RumbleHornswoggle
64.7%
WrestleMania XXVIIMichael Cole
64.7%
Over the LimitSin Cara (Azul)
64.7%
SummerSlamBeth Phoenix
64.7%
Royal RumbleNatalya
62.7%
Royal RumbleHusky Harris
62.7%
Royal RumbleAlex Riley
62.7%
Capitol PunishmentEvan Bourne
62.7%
Over the LimitBrie Bella
58.8%
Royal RumbleChavo Guerrero
56.9%
Royal RumbleChris Masters
54.9%
Royal RumbleTyler Reks
54.9%
Royal RumbleYoshi Tatsu
52.9%
Royal RumbleMichael McGillicutty
52.9%
Royal RumbleJTG
51%
WrestleMania XXVIINicole 'Snooki' Polizzi
51%
WrestleMania XXVIITrish Stratus
49%
Extreme RulesJim Ross
43.1%

You're not logged in!

Compare scores with friends on all Sporcle quizzes.
OR
Log In

From the Vault

Marvel Picture Find: Guardians of the Galaxy

by MitchellGoosen

If you stare at this long enough, you'll start wondering where Waldo is hiding among all these characters.
Remove Ads.
Support Sporcle.
Get the best of Sporcle when you Go Orange. This ad-free experience offers more features, more stats, and more fun while also helping to support Sporcle. Thank you for becoming a member.

Show Comments

Extras

Top Quizzes Today


Score Distribution

Your Account Isn't Verified!

In order to create a playlist on Sporcle, you need to verify the email address you used during registration. Go to your Sporcle Settings to finish the process.

Report this User

Report this user for behavior that violates our Community Guidelines.

Details: